Science Quiz

Random Science or Blitz Quiz

Prime Roman Numeral Blitz Quiz Stats

 Plays Quiz Updated Jun 17, 2012

Also try: Roman Numerals
Challenge
Share
Tweet
Embed
Score 0/25 Timer 01:00
0 Plays Today
% Correct
V
98.8%
II
98.1%
III
97%
VII
95.7%
XI
94.7%
XIII
92.4%
XVII
89.6%
XXIII
80.5%
XIX
78.8%
XXIX
67.2%
XXXI
65.7%
XXXVII
56%
XLI
32.2%
% Correct
XLIII
27.7%
XLVII
23.6%
LIII
18.9%
LIX
12.3%
LXI
11.9%
LXVII
7.6%
LXXI
6%
LXXIII
4.5%
LXXIX
3.1%
LXXXIII
2.5%
LXXXIX
1.7%
XCVII
1.4%

You're not logged in!

Compare scores with friends on all Sporcle quizzes.
OR
Log In

You Might Also Like...

Show Comments

Extras

Top Quizzes Today


Score Distribution

Your Account Isn't Verified!

In order to create a playlist on Sporcle, you need to verify the email address you used during registration. Go to your Sporcle Settings to finish the process.

Report this User

Report this user for behavior that violates our Community Guidelines.

Details: